000 00316 a2200085 4500
082 _a363.125 REG
245 _aRegional Report on Status of Road Safety: the South East Asia Region /
_cWorld Health Organization
260 _bWorld Health Organization,
_c2009
300 _ax, 93p. :
_bill. ;
_c30 cm
650 _aAccidents, Traffic Prevention and Control
999 _c2278
_d2278